Local Planning Authorities (Energy and Energy Efficiency) Bill 2006-07 (Record no. 78161)
[ view plain ]
| 000 -LEADER | |
|---|---|
| fixed length control field | 01253cab a2200205 4500 |
| 001 - CONTROL NUMBER | |
| control field | L136162 |
| 008 - FIXED-LENGTH DATA ELEMENTS--GENERAL INFORMATION | |
| fixed length control field | 070115n2006 000 0 eng u |
| 035 ## - SYSTEM CONTROL NUMBER | |
| System control number | (Sirsi) u136162 |
| 041 0# - LANGUAGE CODE | |
| Language code of text/sound track or separate title | eng |
| 050 04 - LIBRARY OF CONGRESS CALL NUMBER | |
| Classification number | 711.3 $2 18 |
| 110 1# - MAIN ENTRY--CORPORATE NAME | |
| Corporate name or jurisdiction name as entry element | United Kingdom |
| Subordinate unit | Parliament |
| -- | House of Commons |
| 9 (RLIN) | 2119 |
| 245 00 - TITLE STATEMENT | |
| Title | Local Planning Authorities (Energy and Energy Efficiency) Bill 2006-07 |
| Medium | [electronic resource] |
| 260 ## - PUBLICATION, DISTRIBUTION, ETC. | |
| Place of publication, distribution, etc. | London |
| Name of publisher, distributor, etc. | UK Parliament |
| Date of publication, distribution, etc. | 2006 |
| 520 ## - SUMMARY, ETC. | |
| Summary, etc. | Aims to enable local planning authorities to make certain requirements regarding the generation, conservation and use of energy; to require local planning authorities to consider specifying requirements for the generation of renewable and low carbon energy and the imposition of energy efficiency standards when determining planning applications; and for connected purposes. |
| 650 24 - SUBJECT ADDED ENTRY--TOPICAL TERM | |
| Topical term or geographic name entry element | LOCAL PLANNING AUTHORITIES (ENERGY AND ENERGY EFFICIENCY) BILL 2006 |
| 651 #4 - SUBJECT ADDED ENTRY--GEOGRAPHIC NAME | |
| Geographic name | England and Wales |
| Chronological subdivision | 1543- |
| 690 ## - LOCAL SUBJECT ADDED ENTRY--TOPICAL TERM (OCLC, RLIN) | |
| Topical term or geographic name as entry element | ENVIRONMENTAL AND LAND CONSULTANCY-ENERGY-ENERGY USE-ENERGY EFFICIENCY |
| 856 40 - ELECTRONIC LOCATION AND ACCESS | |
| Uniform Resource Identifier | <a href="https://www.publications.parliament.uk/pa/pabills/200607/local_planning_authorities_energy_and_energy_efficiency.htm">https://www.publications.parliament.uk/pa/pabills/200607/local_planning_authorities_energy_and_energy_efficiency.htm</a> |
| Public note | View the Bill free of charge at www.publications.parliament.uk... |
| 942 ## - ADDED ENTRY ELEMENTS (KOHA) | |
| Suppress in OPAC | 0 |
| Withdrawn status | Lost status | Source of classification or shelving scheme | Damaged status | Not for loan | Home library | Current library | Shelving location | Date acquired | Total Checkouts | Full call number | Barcode | Date last seen | Copy number | Price effective from | Koha item type |
|---|---|---|---|---|---|---|---|---|---|---|---|---|---|---|---|
| Dewey Decimal Classification | Virtual | Virtual | Online | 15/01/2007 | ONLINE PUBLICATION | 136162-1001 | 06/08/2019 | 1 | 06/08/2019 | Journal article |